[Event "DEN-chT 2324 61st"]
[Site "Denmark"]
[Date "2023.12.10"]
[Round "4.8"]
[White "Alkaersig, Ole"]
[Black "Guindy, Esmat Susanne"]
[Result "1/2-1/2"]
[WhiteElo "2182"]
[BlackElo "2044"]
[PlyCount "88"]
[EventDate "2023.10.28"]
[EventType "team-tourn"]
[EventRounds "9"]
[EventCountry "DEN"]
[SourceTitle "CB11_2024"]
[SourceDate "2024.03.13"]
[SourceVersion "1"]
[SourceVersionDate "2024.03.13"]
[SourceQuality "1"]
[WhiteTeam "Copenhagen 68"]
[BlackTeam "Fredericia"]
[WhiteTeamCountry "DEN"]
[BlackTeamCountry "DEN"]

1. e4 e6 2. d4 d5 3. Nd2 Nf6 4. e5 Nfd7 5. Bd3 c5 6. c3 Nc6 7. Ne2 cxd4 8. cxd4 f6 9. exf6 Nxf6 10. Nf3 Bd6 11. 0-0 0-0 12. Bf4 Bxf4 13. Nxf4 Ne4 14. Ne2 Qf6 15. Ng3 Ng5 16. Nxg5 Qxg5 17. Bc2 Bd7 18. Qd3 Qh4 19. Rad1 Rf6 20. Qe3 Raf8 21. Rd2 Rh6 22. h3 Rhf6 23. Ba4 Rf4 24. Bxc6 bxc6 25. Rc1 Qd8 26. Rc3 a5 27. f3 Qh4 28. Qf2 e5 29. dxe5 Qg5 30. Re3 d4 31. Re4 c5 32. e6 Bc6 33. Rxf4 Qxf4 34. Nf1 Re8 35. Re2 Qd6 36. Qg3 Qxg3 37. Nxg3 Bd5 38. Re5 Bxa2 39. Rxc5 d3 40. Ne4 Rxe6 41. Kf2 Rb6 42. Rxa5 Rxb2+ 43. Ke3 Bb1 44. Nd2 Bc2 1/2-1/2

[Event "DEN-chT 0607"]
[Site "Denmark"]
[Date "2007.03.24"]
[Round "8.8"]
[White "Aabling Thomsen, Jakob"]
[Black "Alkaersig, Ole"]
[Result "1-0"]
[WhiteElo "2235"]
[BlackElo "2194"]
[PlyCount "57"]
[EventDate "2006.11.04"]
[EventType "team-tourn"]
[EventRounds "9"]
[EventCountry "DEN"]
[SourceTitle "EXT 2023"]
[Source "ChessBase"]
[SourceDate "2022.10.05"]
[SourceVersion "1"]
[SourceVersionDate "2022.10.05"]
[SourceQuality "1"]
[WhiteTeam "Bronshoj"]
[BlackTeam "Copenhagen 68"]
[WhiteTeamCountry "DEN"]
[BlackTeamCountry "DEN"]

1. e4 e5 2. f4 Bc5 3. Nf3 d6 4. c3 Nf6 5. d4 exd4 6. cxd4 Bb6 7. e5 dxe5 8. fxe5 Nd5 9. Bg5 f6 10. exf6 gxf6 11. Ne5 Qe7 12. Qh5+ Kd8 13. Be2 Rf8 14. Bh6 fxe5 15. Bxf8 Qxf8 16. Qg5+ Ne7 17. Rf1 Qh8 18. dxe5 Bd4 19. Nc3 Bxe5 20. 0-0-0+ Bd6 21. Bb5 h6 22. Qe5 Qg8 23. Ne4 Bd7 24. Nxd6 cxd6 25. Qxd6 Qg5+ 26. Rd2 Nf5 27. Qf8+ Kc7 28. Bxd7 Nxd7 29. Qxf5 1-0

[Event "DEN-chT 0102"]
[Site "Denmark"]
[Date "2002.03.17"]
[Round "7.8"]
[White "Petersen, Steen Brustrup"]
[Black "Alkaersig, Ole"]
[Result "1/2-1/2"]
[WhiteElo "2122"]
[BlackElo "2193"]
[PlyCount "102"]
[EventDate "2001.11.04"]
[EventType "team-tourn"]
[EventRounds "7"]
[EventCountry "DEN"]
[SourceTitle "EXT 2023"]
[Source "ChessBase"]
[SourceDate "2022.10.05"]
[SourceVersion "1"]
[SourceVersionDate "2022.10.05"]
[SourceQuality "1"]
[WhiteTeam "Bronshoj"]
[BlackTeam "Copenhagen 68"]
[WhiteTeamCountry "DEN"]
[BlackTeamCountry "DEN"]

1. d4 g6 2. e4 Bg7 3. Nc3 d6 4. Be3 Nf6 5. Qd2 c6 6. Bh6 Bxh6 7. Qxh6 Qa5 8. Bd3 c5 9. dxc5 Qxc5 10. Nf3 Qxf2+ 11. Kxf2 Ng4+ 12. Ke2 Nxh6 13. e5 Be6 14. Nb5 Kd7 15. exd6 exd6 16. Rad1 a6 17. Nc3 Nc6 18. Be4 Kc7 19. Nd5+ Bxd5 20. Bxd5 Rhe8+ 21. Kd2 Ng4 22. Rde1 f6 23. c3 Nge5 24. Nd4 Nxd4 25. cxd4 Nc6 26. Kc3 Rad8 27. Rhf1 Rxe1 28. Rxe1 Kd7 29. Be6+ Kc7 30. Bd5 f5 31. a3 Kd7 32. Be6+ Kc7 33. Bd5 Rd7 34. Re8 Rg7 35. Bf3 Kd7 36. Rh8 Re7 37. Kd3 Kc7 38. Bd5 Rg7 39. Bf3 Nb8 40. Re8 Nd7 41. Ke3 Nf6 42. Re6 Rf7 43. Kf4 Kd7 44. Re2 Ne4 45. Bxe4 fxe4+ 46. Kxe4 Re7+ 47. Kd3 Rxe2 48. Kxe2 Ke6 49. Ke3 Kd5 50. Kd3 b6 51. b3 Ke6 1/2-1/2

[Event "DEN-chT 0102"]
[Site "Denmark"]
[Date "2002.03.16"]
[Round "6.8"]
[White "Alkaersig, Ole"]
[Black "Sylvan, Jacob"]
[Result "0-1"]
[WhiteElo "2193"]
[BlackElo "2272"]
[PlyCount "78"]
[EventDate "2001.11.04"]
[EventType "team-tourn"]
[EventRounds "7"]
[EventCountry "DEN"]
[SourceTitle "EXT 2023"]
[Source "ChessBase"]
[SourceDate "2022.10.05"]
[SourceVersion "1"]
[SourceVersionDate "2022.10.05"]
[SourceQuality "1"]
[WhiteTeam "Copenhagen 68"]
[BlackTeam "Helsinge"]
[WhiteTeamCountry "DEN"]
[BlackTeamCountry "DEN"]

1. e4 c5 2. Nc3 Nc6 3. g3 g6 4. Bg2 Bg7 5. d3 d6 6. Be3 e6 7. Qd2 Nd4 8. Nd1 Ne7 9. c3 Ndc6 10. Bh6 Bxh6 11. Qxh6 Ne5 12. Qd2 c4 13. dxc4 Nxc4 14. Qd4 Ne5 15. Ne3 N7c6 16. Qd2 Qb6 17. 0-0-0 Qa6 18. f4 Nc4 19. Nxc4 Qxc4 20. Qxd6 e5 21. f5 Qxa2 22. g4 a5 23. Rd5 a4 24. Rxe5+ Be6 25. fxe6 Nxe5 26. Nf3 Qxb2+ 27. Kxb2 Nc4+ 28. Ka2 Nxd6 29. Nd4 0-0 30. e5 fxe6 31. exd6 Rf2+ 32. Ka3 Rxg2 33. Nxe6 Rd2 34. Nd4 Rd3 35. Kb4 a3 36. Ra1 a2 37. d7 Rd8 38. Rxa2 Rxd7 39. Kc4 Re3 0-1

[Event "DEN-chT 0102"]
[Site "Denmark"]
[Date "2001.11.18"]
[Round "2.7"]
[White "Pedersen, Henrik Dahl"]
[Black "Alkaersig, Ole"]
[Result "1/2-1/2"]
[WhiteElo "2242"]
[BlackElo "2193"]
[PlyCount "83"]
[EventDate "2001.11.04"]
[EventType "team-tourn"]
[EventRounds "7"]
[EventCountry "DEN"]
[SourceTitle "EXT 2023"]
[Source "ChessBase"]
[SourceDate "2022.10.05"]
[SourceVersion "1"]
[SourceVersionDate "2022.10.05"]
[SourceQuality "1"]
[WhiteTeam "Sydkysten"]
[BlackTeam "Copenhagen 68"]
[WhiteTeamCountry "DEN"]
[BlackTeamCountry "DEN"]

1. d4 e6 2. Nf3 c5 3. e3 Nf6 4. Be2 Nc6 5. 0-0 d5 6. c4 a6 7. Nc3 Be7 8. a3 dxc4 9. Bxc4 b5 10. Ba2 Bb7 11. Qe2 cxd4 12. Rd1 0-0 13. exd4 Qc7 14. Bg5 b4 15. axb4 Nxb4 16. Bb3 Nfd5 17. Bxe7 Qxe7 18. Nxd5 Nxd5 19. Bxd5 Bxd5 20. Rxa6 Rxa6 21. Qxa6 Rb8 22. Rc1 Qd8 23. Ne1 Be4 24. b4 h6 25. Qe2 Bf5 26. Qd2 Qb6 27. Rc4 Be4 28. Qc3 Qb7 29. Nc2 Bxg2 30. Rc5 Bd5 31. b5 Qe7 32. Qg3 Ra8 33. b6 Qb7 34. Qc7 Rb8 35. Qxb7 Rxb7 36. Rb5 Kf8 37. Ne3 Ke7 38. Nxd5+ exd5 39. Kg2 Kd6 40. Kf3 Kc6 41. Rc5+ Kd6 42. Rb5 1/2-1/2

[Event "DEN-chT 0102"]
[Site "Denmark"]
[Date "2001.11.04"]
[Round "1.8"]
[White "Alkaersig, Ole"]
[Black "Rewitz, Poul"]
[Result "1/2-1/2"]
[WhiteElo "2193"]
[BlackElo "2311"]
[PlyCount "84"]
[EventDate "2001.11.04"]
[EventType "team-tourn"]
[EventRounds "7"]
[EventCountry "DEN"]
[SourceTitle "EXT 2023"]
[Source "ChessBase"]
[SourceDate "2022.10.05"]
[SourceVersion "1"]
[SourceVersionDate "2022.10.05"]
[SourceQuality "1"]
[WhiteTeam "Copenhagen 68"]
[BlackTeam "Skolerne"]
[WhiteTeamCountry "DEN"]
[BlackTeamCountry "DEN"]

1. e4 d5 2. exd5 Nf6 3. Bb5+ Bd7 4. Be2 Nxd5 5. d4 Bf5 6. Nf3 e6 7. 0-0 Be7 8. c4 Nb6 9. Nc3 0-0 10. Bf4 Nc6 11. c5 Nd5 12. Nxd5 exd5 13. Qd2 Bf6 14. Bb5 Be4 15. Bxc6 bxc6 16. Ne5 Bxe5 17. Bxe5 Qd7 18. Rac1 Rab8 19. Rc3 Rb7 20. Ra3 f6 21. Bg3 Rfb8 22. b3 g5 23. f3 Bf5 24. Re1 Kf7 25. Ra6 Ra8 26. Qa5 Bd3 27. h4 gxh4 28. Bxh4 Bxa6 29. Qxa6 Rbb8 30. Qd3 Kg7 31. Qd2 Qf7 32. Kf2 Re8 33. Rh1 Re6 34. Bg3 Qg6 35. Re1 Rxe1 36. Qxe1 Re8 37. Qd2 Re7 38. a4 Qb1 39. Bf4 Qxb3 40. Be5 Re6 41. Qg5+ Kf7 42. Qh5+ Kg7 1/2-1/2

[Event "Skolernes CC op"]
[Site "Aarhus"]
[Date "1997.??.??"]
[Round "3"]
[White "Pedersen, Nicolai Vesterbaek"]
[Black "Alkaersig, Ole"]
[Result "1-0"]
[WhiteElo "2310"]
[BlackElo "2185"]
[PlyCount "53"]
[EventDate "1997.??.??"]
[EventType "swiss"]
[EventRounds "9"]
[EventCountry "DEN"]
[SourceTitle "EXT 1999"]
[Source "ChessBase"]
[SourceDate "1998.11.16"]
[SourceVersion "1"]
[SourceVersionDate "1998.11.16"]
[SourceQuality "1"]

1. e4 g6 2. d4 Bg7 3. c4 d6 4. Nc3 Nc6 5. Be3 e5 6. d5 Nce7 7. Bd3 f5 8. f3 Nf6 9. h3 f4 10. Bf2 c5 11. b4 b6 12. Nge2 0-0 13. Qb3 Kh8 14. Kd2 Nh5 15. Rhb1 Ng8 16. bxc5 bxc5 17. Qa4 Qg5 18. Rg1 Qe7 19. Rab1 Ng3 20. Rb2 Bd7 21. Qa6 Rfb8 22. Rxb8 Rxb8 23. Qxa7 Nxe2 24. Bxe2 Qd8 25. Rb1 Ra8 26. Qb6 Qf8 27. Qc7 1-0

[Event "Benasque op 16th"]
[Site "Benasque"]
[Date "1996.??.??"]
[Round "2"]
[White "Cifuentes Parada, Roberto"]
[Black "Alkaersig, Ole"]
[Result "1-0"]
[WhiteElo "2500"]
[BlackElo "2170"]
[PlyCount "51"]
[EventDate "1996.07.??"]
[EventType "swiss"]
[EventRounds "9"]
[EventCountry "ESP"]
[SourceTitle "CBM 053 Extra"]
[Source "ChessBase"]
[SourceDate "1996.09.01"]
[SourceVersion "1"]
[SourceVersionDate "1996.09.01"]
[SourceQuality "1"]

1. d4 d6 2. e4 Nf6 3. Nc3 g6 4. g3 Bg7 5. Bg2 0-0 6. Nge2 e5 7. h3 Nc6 8. Be3 a6 9. a4 exd4 10. Nxd4 Bd7 11. 0-0 Re8 12. Re1 Nb4 13. Qd2 c5 14. Nb3 Bc6 15. Bf4 d5 16. exd5 Rxe1+ 17. Rxe1 Nfxd5 18. Nxd5 Nxd5 19. Rd1 c4 20. Nc1 Qe7 21. Bxd5 Rd8 22. Bg5 Bf6 23. Bxf6 Qxf6 24. Bxf7+ Kg7 25. Qxd8 Qf3 26. Qd4+ 1-0

[Event "Antwerp op"]
[Site "Antwerp"]
[Date "1996.??.??"]
[Round "2"]
[White "David, Alberto"]
[Black "Alkaersig, Ole"]
[Result "1-0"]
[WhiteElo "2435"]
[BlackElo "2170"]
[PlyCount "81"]
[EventDate "1996.07.??"]
[EventType "swiss"]
[EventRounds "9"]
[EventCountry "BEL"]
[SourceTitle "EXT 1999"]
[Source "ChessBase"]
[SourceDate "1998.11.16"]
[SourceVersion "1"]
[SourceVersionDate "1998.11.16"]
[SourceQuality "1"]

1. e4 e5 2. f4 exf4 3. Nf3 d6 4. d4 g5 5. h4 g4 6. Ng1 f5 7. Bxf4 fxe4 8. Nc3 Nf6 9. d5 Nbd7 10. Nge2 Bg7 11. Nd4 Nf8 12. Bb5+ Bd7 13. Nf5 Kf7 14. Nxg7 Kxg7 15. 0-0 h6 16. Be3 Ng6 17. Bxd7 Qxd7 18. Qd4 Ne5 19. Nxe4 Nxe4 20. Qxe4 Rhf8 21. Bd4 Rxf1+ 22. Rxf1 Re8 23. Rf5 Kg8 24. Bxe5 Rxe5 25. Rxe5 dxe5 26. Qxe5 Qd8 27. Qe6+ Kh7 28. h5 Qg5 29. Qd7+ Qg7 30. Qxg7+ Kxg7 31. Kf2 Kf6 32. Ke3 Ke5 33. c4 a5 34. b3 c6 35. d6 Kxd6 36. Kf4 b5 37. cxb5 cxb5 38. Kf5 Kd5 39. Kg6 Ke5 40. Kxh6 Kf6 41. g3 1-0

[Event "Aarhus Summer"]
[Site "Aarhus"]
[Date "1995.??.??"]
[Round "5"]
[White "Alkaersig, Ole"]
[Black "Bjerring, Kai"]
[Result "0-1"]
[WhiteElo "2185"]
[BlackElo "2380"]
[PlyCount "80"]
[EventDate "1995.??.??"]
[EventType "swiss"]
[EventRounds "9"]
[EventCountry "DEN"]
[SourceTitle "EXT 1999"]
[Source "ChessBase"]
[SourceDate "1998.11.16"]
[SourceVersion "1"]
[SourceVersionDate "1998.11.16"]
[SourceQuality "1"]

1. e4 Nf6 2. Nc3 d5 3. e5 Nfd7 4. f4 c5 5. Nf3 e6 6. d4 Nc6 7. Be3 Qb6 8. Na4 Qa5+ 9. c3 cxd4 10. b4 Nxb4 11. cxb4 Bxb4+ 12. Bd2 Bxd2+ 13. Nxd2 b6 14. Kf2 f6 15. exf6 Nxf6 16. Be2 0-0 17. Nf3 Ne4+ 18. Kg1 Bd7 19. Nb2 Rxf4 20. Nd3 Nc3 21. Qd2 Nxe2+ 22. Qxe2 Re4 23. Qb2 Qc3 24. Qxc3 dxc3 25. Kf2 Bb5 26. Nde5 Rc8 27. Rhe1 Rc5 28. a3 h6 29. Re3 Ra4 30. Nd3 Bxd3 31. Rxd3 Kf7 32. Rd4 Rxd4 33. Nxd4 e5 34. Nb3 Rb5 35. Nc1 Rb2+ 36. Ne2 d4 37. Rd1 Ke6 38. Kf3 e4+ 39. Kxe4 Rxe2+ 40. Kxd4 Rxg2 0-1

[Event "Aarhus Summer"]
[Site "Aarhus"]
[Date "1995.??.??"]
[Round "2"]
[White "Alkaersig, Ole"]
[Black "Jiretorn, Eva"]
[Result "1-0"]
[WhiteElo "2185"]
[BlackElo "2170"]
[PlyCount "87"]
[EventDate "1995.??.??"]
[EventType "swiss"]
[EventRounds "9"]
[EventCountry "DEN"]
[SourceTitle "EXT 1999"]
[Source "ChessBase"]
[SourceDate "1998.11.16"]
[SourceVersion "1"]
[SourceVersionDate "1998.11.16"]
[SourceQuality "1"]

1. e4 c5 2. g3 e6 3. Bg2 Nc6 4. Nc3 a6 5. d3 b5 6. a3 Bb7 7. Nh3 d6 8. 0-0 Be7 9. f4 Nf6 10. f5 exf5 11. Rxf5 Nd4 12. Rf1 0-0 13. Be3 Ne6 14. Nf4 Nxf4 15. gxf4 Qd7 16. Qf3 Qg4 17. Qf2 Qc8 18. h3 Rd8 19. e5 Ne8 20. Nd5 Bxd5 21. Bxd5 Rb8 22. Qg2 Rb6 23. Kh2 Nc7 24. Rg1 Bf8 25. Be4 d5 26. Bxc5 dxe4 27. Bxb6 exd3 28. Bc5 Rd5 29. Bxf8 Qxf8 30. cxd3 Rxd3 31. Rad1 Rxd1 32. Rxd1 h6 33. Qc6 Ne6 34. f5 Nf4 35. Qd6 g5 36. Qxf8+ Kxf8 37. Rd6 a5 38. Rb6 b4 39. axb4 axb4 40. Rxb4 Nd5 41. Rd4 Ne3 42. f6 Kg8 43. Rd8+ Kh7 44. e6 1-0

[Event "Aarhus Summer"]
[Site "Aarhus"]
[Date "1995.??.??"]
[Round "8"]
[White "Alkaersig, Ole"]
[Black "Pedersen, Bjarne"]
[Result "1-0"]
[WhiteElo "2185"]
[BlackElo "2225"]
[PlyCount "95"]
[EventDate "1995.??.??"]
[EventType "swiss"]
[EventRounds "9"]
[EventCountry "DEN"]
[SourceTitle "EXT 1999"]
[Source "ChessBase"]
[SourceDate "1998.11.16"]
[SourceVersion "1"]
[SourceVersionDate "1998.11.16"]
[SourceQuality "1"]

1. e4 c5 2. g3 Nc6 3. Bg2 g6 4. d3 Bg7 5. Nc3 d6 6. f4 e6 7. Nf3 Nge7 8. 0-0 0-0 9. Be3 b6 10. d4 Ba6 11. Re1 Qc7 12. a4 Rfd8 13. Nb5 Bxb5 14. axb5 Na5 15. Bf2 c4 16. b4 cxb3 17. cxb3 d5 18. e5 Rdc8 19. Rc1 Qd7 20. Qd3 Bf8 21. g4 Bh6 22. Be3 Rxc1 23. Rxc1 Rc8 24. Rf1 Qc7 25. f5 g5 26. fxe6 fxe6 27. Bxg5 Bg7 28. Rc1 Qd7 29. Rxc8+ Nxc8 30. Bf6 Ne7 31. Ng5 Ng6 32. Bf1 Nf8 33. Qf3 h6 34. Nh3 Qf7 35. g5 Bxf6 36. gxf6 Qg6+ 37. Kh1 Qb1 38. Nf4 Kf7 39. Kg1 Ng6 40. Qh5 Qe4 41. Qxg6+ Qxg6+ 42. Nxg6 Kxg6 43. Bd3+ Kf7 44. Bc2 Nb7 45. Kf2 Nd8 46. Kg3 Kg8 47. Kg4 Nf7 48. h4 1-0

[Event "Aarhus-A"]
[Site "Aarhus"]
[Date "1995.??.??"]
[Round "7"]
[White "Alkaersig, Ole"]
[Black "Rasmussen, Casper"]
[Result "1/2-1/2"]
[WhiteElo "2185"]
[BlackElo "2255"]
[PlyCount "43"]
[EventDate "1995.??.??"]
[EventType "tourn"]
[EventRounds "7"]
[EventCountry "DEN"]
[SourceTitle "EXT 2000"]
[Source "ChessBase"]
[SourceDate "1999.11.16"]
[SourceVersion "1"]
[SourceVersionDate "1999.11.16"]
[SourceQuality "1"]

1. d4 d6 2. e4 Nf6 3. Nc3 g6 4. f4 Bg7 5. Nf3 0-0 6. Be2 c5 7. dxc5 Qa5 8. 0-0 Qxc5+ 9. Kh1 Bg4 10. Qe1 Nc6 11. Bd3 e6 12. Be3 Qa5 13. Nd2 d5 14. e5 Nd7 15. Qh4 Bf5 16. Bxf5 gxf5 17. Nb3 Qd8 18. Qxd8 Rfxd8 19. Nb5 a6 20. N5d4 Rac8 21. Nxc6 Rxc6 22. c3 1/2-1/2

[Event "Aarhus-A"]
[Site "Aarhus"]
[Date "1995.??.??"]
[Round "1"]
[White "Alkaersig, Ole"]
[Black "Wirth, Gotthard"]
[Result "0-1"]
[WhiteElo "2185"]
[BlackElo "2230"]
[PlyCount "68"]
[EventDate "1995.??.??"]
[EventType "tourn"]
[EventRounds "7"]
[EventCountry "DEN"]
[SourceTitle "EXT 2000"]
[Source "ChessBase"]
[SourceDate "1999.11.16"]
[SourceVersion "1"]
[SourceVersionDate "1999.11.16"]
[SourceQuality "1"]

1. e4 g6 2. d4 Bg7 3. Nc3 d6 4. f4 a6 5. Nf3 b5 6. Be3 Bb7 7. Bd3 Nd7 8. 0-0 c5 9. dxc5 Nxc5 10. a3 Nf6 11. Qe1 Ncxe4 12. Nxe4 Bxe4 13. Qh4 Bxd3 14. cxd3 Nd5 15. Bd4 Bxd4+ 16. Nxd4 Qb6 17. f5 gxf5 18. Kh1 e6 19. Nxf5 exf5 20. Rxf5 Ne7 21. Re1 Ra7 22. Rf3 Rd7 23. Qf6 Rf8 24. Rfe3 Qb7 25. d4 Rg8 26. R1e2 Qc7 27. h4 Kf8 28. h5 Qc1+ 29. Re1 Qc2 30. R1e2 Qf5 31. Qh6+ Rg7 32. Rg3 Qf1+ 33. Kh2 Nf5 34. Qf6 Nxg3 0-1

[Event "Politiken Cup 16th"]
[Site "Copenhagen"]
[Date "1994.??.??"]
[Round "7"]
[White "Alkaersig, Ole"]
[Black "Preuss, Flemming"]
[Result "0-1"]
[WhiteElo "2190"]
[BlackElo "2020"]
[PlyCount "38"]
[EventDate "1994.06.??"]
[EventType "swiss"]
[EventRounds "10"]
[EventCountry "DEN"]
[SourceTitle "EXT 1999"]
[Source "ChessBase"]
[SourceDate "1998.11.16"]
[SourceVersion "1"]
[SourceVersionDate "1998.11.16"]
[SourceQuality "1"]

1. e4 c5 2. Nc3 e6 3. g3 Nc6 4. Bg2 Nf6 5. d3 d5 6. exd5 Nxd5 7. Nge2 Be7 8. Nxd5 exd5 9. Nf4 d4 10. 0-0 0-0 11. Re1 Bf5 12. Bd2 Qd7 13. h3 h6 14. Qh5 Bg5 15. Re2 Rae8 16. Rae1 Rxe2 17. Rxe2 c4 18. Be4 Ne5 19. Nd5 Bg6 0-1

[Event "Politiken Cup 16th"]
[Site "Copenhagen"]
[Date "1994.??.??"]
[Round "6"]
[White "Petersen, Nils"]
[Black "Alkaersig, Ole"]
[Result "1-0"]
[WhiteElo "2005"]
[BlackElo "2190"]
[PlyCount "89"]
[EventDate "1994.06.??"]
[EventType "swiss"]
[EventRounds "10"]
[EventCountry "DEN"]
[SourceTitle "EXT 1999"]
[Source "ChessBase"]
[SourceDate "1998.11.16"]
[SourceVersion "1"]
[SourceVersionDate "1998.11.16"]
[SourceQuality "1"]

1. Nf3 d6 2. d4 Bg4 3. e3 Nf6 4. Be2 e6 5. 0-0 Be7 6. c4 c6 7. Nc3 Nbd7 8. e4 Qc7 9. Be3 0-0 10. h3 Bh5 11. d5 exd5 12. exd5 Rfe8 13. Qd2 Nc5 14. dxc6 bxc6 15. Bxc5 dxc5 16. Nh4 Rad8 17. Qc2 Bxe2 18. Nxe2 g6 19. g3 Qd7 20. Kg2 Qd2 21. Rac1 Bf8 22. Ng1 Ne4 23. Nhf3 Qxc2 24. Rxc2 Bg7 25. Re1 f5 26. Nd2 Nxd2 27. Rxe8+ Rxe8 28. Rxd2 Bd4 29. Nf3 Re4 30. b3 Kg7 31. Kf1 Kf6 32. Re2 g5 33. Nd2 Rxe2 34. Kxe2 h5 35. f3 Ke5 36. Nf1 h4 37. f4+ gxf4 38. gxh4 Kf6 39. Kf3 Kg6 40. Kxf4 Kh5 41. Ng3+ Kxh4 42. Nxf5+ Kxh3 43. Nxd4 cxd4 44. Ke4 c5 45. b4 1-0

[Event "Politiken Cup 16th"]
[Site "Copenhagen"]
[Date "1994.??.??"]
[Round "3"]
[White "Pilgaard, Kim"]
[Black "Alkaersig, Ole"]
[Result "1-0"]
[WhiteElo "2280"]
[BlackElo "2190"]
[PlyCount "61"]
[EventDate "1994.06.??"]
[EventType "swiss"]
[EventRounds "10"]
[EventCountry "DEN"]
[SourceTitle "EXT 1999"]
[Source "ChessBase"]
[SourceDate "1998.11.16"]
[SourceVersion "1"]
[SourceVersionDate "1998.11.16"]
[SourceQuality "1"]

1. e4 e5 2. Nf3 d6 3. d4 exd4 4. Nxd4 g6 5. Nc3 Bg7 6. Be3 Nf6 7. Qd2 0-0 8. 0-0-0 Re8 9. f3 Nc6 10. g4 Ne5 11. Be2 a6 12. Bh6 Bh8 13. Bg5 b5 14. h4 Bb7 15. h5 c5 16. Nb3 c4 17. Nd4 b4 18. Nd5 Bxd5 19. exd5 Qa5 20. Kb1 Nxd5 21. hxg6 hxg6 22. Rxh8+ Kxh8 23. Bf6+ Nxf6 24. Qh6+ Kg8 25. Rh1 Nh7 26. Qxh7+ Kf8 27. f4 Qd5 28. fxe5 Qxd4 29. Qh8+ Ke7 30. Qf6+ Kd7 31. e6+ 1-0

[Event "Politiken Cup 15th"]
[Site "Copenhagen"]
[Date "1993.??.??"]
[Round "4"]
[White "Alkaersig, Ole"]
[Black "Borge, Nikolaj"]
[Result "1/2-1/2"]
[WhiteElo "2265"]
[BlackElo "2410"]
[PlyCount "125"]
[EventDate "1993.06.??"]
[EventType "swiss"]
[EventRounds "10"]
[EventCountry "DEN"]
[SourceTitle "EXT 1999"]
[Source "ChessBase"]
[SourceDate "1998.11.16"]
[SourceVersion "1"]
[SourceVersionDate "1998.11.16"]
[SourceQuality "1"]

1. e4 c5 2. Nc3 Nc6 3. g3 g6 4. Bg2 Bg7 5. d3 e6 6. Be3 d6 7. f4 Nge7 8. Nf3 Nd4 9. 0-0 0-0 10. e5 Nxf3+ 11. Qxf3 Nf5 12. Bf2 Nd4 13. Qd1 dxe5 14. fxe5 Bxe5 15. Ne4 f5 16. Nxc5 Qd6 17. b4 Bg7 18. a4 Rb8 19. c3 Nc6 20. d4 Ne7 21. a5 Nd5 22. Qb3 b6 23. axb6 axb6 24. Na6 Bxa6 25. Rxa6 Rbc8 26. Re1 Kh8 27. Rxe6 Qxe6 28. Bxd5 Qe2 29. c4 Qd2 30. Ra2 Qc1+ 31. Kg2 f4 32. c5 Rcd8 33. Rc2 f3+ 34. Bxf3 Rxf3 35. Kxf3 Qh1+ 36. Ke2 Re8+ 37. Kd2 Bh6+ 38. Kc3 Bc1 39. Qf7 Qe4 40. Qf6+ Kg8 41. Rxc1 Rf8 42. Qe5 Rf3+ 43. Kc4 Qd3+ 44. Kd5 Rf5 45. cxb6 Rxe5+ 46. Kxe5 Qf5+ 47. Kd6 Qxf2 48. b7 Qxd4+ 49. Kc7 Qe5+ 50. Kb6 Qd6+ 51. Ka7 Qd7 52. Rc5 Kg7 53. b5 Qe7 54. Rc6 Kh6 55. Ka8 Qa3+ 56. Ra6 Qf3 57. Rc6 Qa3+ 58. Ra6 Qf3 59. Ka7 Qe3+ 60. b6 Qe7 61. Ra5 Qd7 62. Ka8 Qc6 63. Ka7 1/2-1/2

[Event "Aarhus-C"]
[Site "Aarhus"]
[Date "1993.??.??"]
[Round "2"]
[White "Alkaersig, Ole"]
[Black "Jensen, Vagn"]
[Result "1-0"]
[WhiteElo "2265"]
[BlackElo "2245"]
[PlyCount "55"]
[EventDate "1993.??.??"]
[EventType "tourn"]
[EventRounds "7"]
[EventCountry "DEN"]
[SourceTitle "EXT 1998"]
[Source "ChessBase"]
[SourceDate "1997.11.17"]
[SourceVersion "1"]
[SourceVersionDate "1997.11.17"]
[SourceQuality "1"]

1. e4 c5 2. Nc3 e6 3. Nf3 Nc6 4. Bb5 Nge7 5. 0-0 Nd4 6. Nxd4 cxd4 7. Ne2 a6 8. Bd3 Nc6 9. c3 Bc5 10. b4 Bb6 11. cxd4 Nxd4 12. Bb2 Nxe2+ 13. Qxe2 0-0 14. Qg4 f6 15. Rae1 d6 16. Qh4 e5 17. Bc4+ Kh8 18. Kh1 g5 19. Qh6 Qe7 20. h4 Bd7 21. d3 Qg7 22. hxg5 Qxh6+ 23. gxh6 f5 24. f4 Rf6 25. g4 Rxh6+ 26. Kg2 Rh4 27. fxe5 Rxg4+ 28. Kh3 1-0

[Event "Aarhus op2"]
[Site "Aarhus"]
[Date "1993.??.??"]
[Round "6"]
[White "Christensen, Jan"]
[Black "Alkaersig, Ole"]
[Result "1-0"]
[WhiteElo "2240"]
[BlackElo "2230"]
[PlyCount "75"]
[EventDate "1993.??.??"]
[EventType "swiss"]
[EventRounds "9"]
[EventCountry "DEN"]
[SourceTitle "EXT 1999"]
[Source "ChessBase"]
[SourceDate "1998.11.16"]
[SourceVersion "1"]
[SourceVersionDate "1998.11.16"]
[SourceQuality "1"]

1. d4 d6 2. e4 g6 3. c3 Nf6 4. Bd3 Bg7 5. Nf3 0-0 6. 0-0 Nc6 7. h3 e5 8. Re1 a5 9. a4 h6 10. Be3 Re8 11. Nbd2 Qe7 12. d5 Nb8 13. b4 Nh5 14. Nc4 b6 15. Rb1 axb4 16. cxb4 Nf4 17. Bxf4 exf4 18. e5 dxe5 19. Nfxe5 Qd8 20. Qf3 Bb7 21. Qxf4 Bxd5 22. Be4 Ra7 23. Rbd1 c6 24. Bxd5 cxd5 25. Qf3 Rae7 26. Rxd5 Qc7 27. Qg3 Nc6 28. f4 Nxb4 29. Rdd1 Nc6 30. Rc1 Nd4 31. Qf2 Nb3 32. Rb1 Nc5 33. Nxb6 Bxe5 34. Nd5 Nd3 35. Nxc7 Nxf2 36. Nxe8 Nd3 37. fxe5 Nxe1 38. Nf6+ 1-0